| 000 | 01959nam a22004690a 4500 | ||
|---|---|---|---|
| 001 | PT16084 | ||
| 003 | AR-LpoUNG | ||
| 005 | 20260305110507.0 | ||
| 008 | 201001s2003||||ag |||||||||||||||||spa d | ||
| 020 |
_a9879300513 _c$83 |
||
| 040 |
_aAR-LpoUNG _bspa _eaacr |
||
| 041 | _aspa | ||
| 044 | _aag | ||
| 082 | 0 | _a334.01 161emp | |
| 100 | 1 | _aAbramovich, Ana Luz | |
| 245 | 1 | 0 |
_aPrograma de desarrollo local : _bempresas sociales y economía social : una aproximación a sus rasgos fundamentales |
| 250 | _a1ra. ed. | ||
| 260 |
_aBuenos Aires : _bUniversidad Nacional de General Sarmiento, _c2003. |
||
| 300 |
_a122 p. : _btbls. |
||
| 490 | 0 |
_aComunidad ; _vno. 6 |
|
| 520 | _aEl libro se compone de tres partes claramente diferenciadas: la primera caracteriza las políticas sociales actuales, su insostenibilidad en el contexto del modelo de desarrollo vigente y discute la ecuación -economía social-empresas sociales-. Conforma el marco teórico de las dos siguientes: el análisis de los resultados de una encuesta a una muestra de empresas sociales del Área Metropolitana de Buenos Aires y la propuesta, no taxativa, de aspectos relevantes a tener en cuenta para impulsar un proyecto de ley sobre economía social y empresas sociales. | ||
| 650 | 4 | _aASPECTOS SOCIALES | |
| 650 | 4 | _aAUTOGESTION DE TRABAJADORES | |
| 650 | 4 | _aCOOPERATIVAS DE PRODUCCION | |
| 650 | 4 | _aDESEMPLEADOS | |
| 650 | 4 | _aECONOMIA COLECTIVA | |
| 650 | 4 | _aENCUESTAS SOCIALES | |
| 650 | 4 | _aEQUIDAD ECONOMICA | |
| 650 | 4 | _aJUSTICIA SOCIAL | |
| 650 | 4 | _aORGANIZACIONES DE PRODUCTOS BASICOS | |
| 650 | 4 | _aPARTICIPACION DE LOS TRABAJADORES | |
| 650 | 4 | _aPEQUENAS EMPRESAS | |
| 650 | 4 | _aPOLITICA SOCIAL | |
| 653 | 0 | _aECONOMIA SOCIAL | |
| 700 | 1 | _aCassano, Daniel Luis | |
| 700 | 1 | _aFederico Sabate, Alberto | |
| 700 | 1 |
_aHintze, Susana _98 |
|
| 700 | 1 | _aMontequín, Adriana | |
| 700 | 1 | _aVázquez, Gonzalo | |
| 905 | _a16084 | ||
| 942 |
_cLIB _2ddc |
||
| 999 |
_c50978 _d50978 |
||